000 00656nam a2200229Ia 4500
008 160303s9999 xx 000 0 und d
020 _a971-23-2050-2
050 _aFIL BF 732
050 _b.P4A94 1996
100 _aAvelino, Soledad E.
245 _aPersonality development and human relations /
245 _cSoledad E. Avelino, Custodiosa A. Sanchez.
260 _aManila:
260 _bRex Book Store, Inc.,
260 _c2005
300 _a207 pages :
300 _billustrations ;
300 _c22 cm.
500 _aIncludes bibliographical references and index.
650 _aHuman relations.
650 _aPersonality development.
999 _c291136
_d291136